Instalaciones eléctricas

Đã lưu trong:
Chi tiết về thư mục
Tác giả chính: Spitta, Albert F (Tác giả)
Định dạng: Sách
Ngôn ngữ:Tiếng Tây Ban Nha
Được phát hành: Madrid Dossat 1981
Những chủ đề:
Các nhãn: Thêm thẻ
Không có thẻ, Là người đầu tiên thẻ bản ghi này!

MARC

LEADER 00000nam a2200000 a 4500
001 UCZ1839
003 CL-VaPUC
008 950907e19810000SP |||||||||||||||||spa|d
082 0 4 |a 621.31  |b SPI  |2 21 
100 0 |a Spitta, Albert F  |e author  |9 345472 
245 1 0 |a Instalaciones eléctricas 
300 |a v 
942 |c BK 
945 |d 19950907 00:00:00  |a awong 
260 |a Madrid  |b Dossat  |c 1981 
650 7 |a INSTALACIONES ELECTRICAS  |2 CL-VaPUC  |9 262736 
650 7 |a CABLES ELECTRICOS  |2 CL-VaPUC  |9 263131 
650 0 |a luminotecnia  |9 345473 
650 0 |a Distribución de energía eléctrica   |9 260221 
650 0 |a Iluminación  |9 340311 
583 |a last modification  |c 20121219 10:51:09  |k Rodrigo Vera 
999 |c 238524  |d 238522 
952 |0 0  |1 0  |4 0  |6 621_310000000000000_SPI_1981  |7 0  |8 A  |9 248764  |a BIBING  |b BIBING  |d 2019-11-18  |h v.1  |i 3133648  |o 621.31 SPI 1981  |p 3133648  |r 2025-01-20  |w 2019-11-18  |y BK  |k ING 
952 |0 0  |1 0  |4 0  |6 621_310000000000000_SPI_1981  |7 0  |8 A  |9 248765  |a BIBING  |b BIBING  |d 2019-11-18  |h v.2  |i 1672509  |o 621.31 SPI 1981  |p 1672509  |r 2025-01-20  |w 2019-11-18  |y BK  |k EIE 
952 |0 0  |1 0  |4 0  |6 621_310000000000000_SPI_1981  |7 0  |8 A  |9 248766  |a BIBING  |b BIBING  |d 2019-11-18  |h v.2  |i 1672517  |o 621.31 SPI 1981  |p 1672517  |r 2025-01-20  |w 2019-11-18  |y BK  |k EIE